| 000 | 00439nam a22001577a 4500 | ||
|---|---|---|---|
| 005 | 20260227014751.0 | ||
| 008 | 260227b |||||||| |||| 00| 0 eng d | ||
| 020 | _a9786214060375 | ||
| 040 | _cJHCSC | ||
| 082 | _a005.1 | ||
| 100 |
_910194 _aJake R. Pomperada _eAuthor |
||
| 245 |
_aIntroduction to Java Programming _cJake R. Pomperada |
||
| 260 |
_aManila _bMindshapers Co., Inc _cc2016 |
||
| 300 |
_axii, 184 p _bill. |
||
| 942 |
_2ddc _cBOOK |
||
| 999 |
_c11379 _d11379 |
||